000 00357pam a2200157a 44500
008 230515b2008 xxu||||| |||| 00| 0 eng d
020 _aNULL
041 _aENGLISH
082 _a621.322
100 _aSTANLEY D
245 _aELECTRONICS COMMUNICATION PRINCIPLES
250 _a0
260 _a
_bDELMAR PUB INC
_c2008
300 _a702
650 _aNULL
999 _c591036
_d591036